| 000 | 00604nam a22001937a 4500 | ||
|---|---|---|---|
| 999 |
_c173223 _d173223 |
||
| 005 | 20200220132135.0 | ||
| 010 | _aA-304079 | ||
| 020 | _c52.00 | ||
| 035 | _aA-304079 | ||
| 037 | _bBPPD/Pub. | ||
| 082 | _a181 | ||
| 100 | _aہاسپرس، جان | ||
| 245 |
_aفلسفیا نہ تجزیہ : ایک تعارف / _cجان ہاسپرس |
||
| 246 |
_aFalsafiyana Tajziyah: Ek Taarif / _bby John Hospers |
||
| 260 |
_aNew Delhi _bTaraqqi Urdu Bureau _c1986 ء |
||
| 270 |
_aWest Block 8, R.K.Puram _bNew Delhi _e110066 |
||
| 300 |
_a607p. _c21cm(Hb) |
||
| 942 |
_2ddc _cUR _h181 _mہ ا س |
||